| 000 | 00490nam a22001697a 4500 | ||
|---|---|---|---|
| 003 | OSt | ||
| 005 | 20260430042448.0 | ||
| 008 | 260430b |||||||| |||| 00| 0 eng d | ||
| 020 | _a971-8970-55-x | ||
| 040 |
_aDWC-Main Lib. _cOC |
||
| 082 | _aRes. 808.882 P656 2000 | ||
| 100 | _aSilverio, Julio F. | ||
| 245 |
_aPinoy Anecdotes/ _cJulio F. Silverio |
||
| 260 |
_aManila: _bM & L Licudine Enterprises, _cc 2000. |
||
| 300 |
_aiv,204p.; _c18cm. |
||
| 942 |
_2ddc _cBK-0 CIRC _hRes. _n0 |
||
| 999 |
_c10105 _d10105 |
||